| 000 | 00438nam a2200193Ia 4500 | ||
|---|---|---|---|
| 008 | 170918s9999 xx 000 0 und d | ||
| 020 | _a9780545107921 | ||
| 050 | _bD911 2008 | ||
| 100 | _aDuncan, Lois | ||
| 245 | _aHotel for dogs / | ||
| 245 | _cby Lois Duncan. | ||
| 260 | _aNew York : | ||
| 260 | _bScholastic, | ||
| 260 | _c2008 | ||
| 300 | _a178 pages : | ||
| 300 | _billustrations ; | ||
| 300 | _c19cm. | ||
| 500 | _a730 | ||
| 999 |
_c344242 _d344242 |
||